000 00347 a2200157 4500
001 175590
020 _a
040 _cMagnum
100 _aJelin, Israel
240 1 0 _aThe farmer and the bogeyman
_lING
245 1 0 _aThe farmer and the bogeyman
362 0 _a1899
440 1 _aFTD
697 _aMAGNITO: LITERATURA ESTRANGEIR
942 _cBK
999 _c175590
_d175590